000 00680nam a2200181 a 4500
001 000029936
005 20200930055924.0
008 110415s2004 dr 000 0 spa d
040 _aDO-SdBNP
_bspa
_cBNPHU
082 _axxx
_bC3978s
110 2 _aCentro Nacional de Investigaciones en Salud Materno Infantil
_955757
245 1 0 _aCromosomapatías sexuales (Y) /
_ceditora Hugo R. Mendoza.
260 _aSanto Domingo :
_bCENISMI,
_c2004.
300 _a32 p. ;
_c28 cm.
490 1 _aInvestigaciones clínicas
_aEstudiso aplicados a la clínica
_vv. 1
700 1 _aMendoza, Hugo R.
_eed.
_96390
830 0 _aInvestigaciones clínicas
_pEstudiso aplicados a la clínica
_v1
_vv.3
_956677
999 _c29428
_d29428